| 000 | 00449nam a2200181Ia 4500 | ||
|---|---|---|---|
| 001 | 4185 | ||
| 005 | 20260306145737.0 | ||
| 008 | 260306t2006||||xx |||||||||||||| ||spa|| | ||
| 041 | _aESP | ||
| 082 |
_a320 _bM64 |
||
| 100 |
_aMiro Quesada Rada, Francisco, 1948- _eAUT |
||
| 245 | 0 | _aIntroducción a la ciencia política | |
| 260 | _c2006 | ||
| 300 |
_axxv, 901 páginas : _c25 cm. |
||
| 650 | _aGEN | ||
| 654 | _aCDE | ||
| 942 |
_cLIB _dJUS _fJUS _2ddc _n |
||
| 999 |
_c4185 _d4185 |
||